| 000 | 00754nam a2200217 a 4500 | ||
|---|---|---|---|
| 005 | 20251210064039.0 | ||
| 008 | 991125s1968 ag 000 0 spa u | ||
| 035 | _aUPN01000031416 | ||
| 049 | _aCG | ||
| 050 | 4 |
_aLB775 D44 _bI5.48 1968 |
|
| 100 | 1 |
_aDecroly, Ovide, _d1871-1932 |
|
| 245 | 1 | 0 |
_aIniciación general al método Decroly y ensayo de aplicación a la escuela primaria / _cDecroly y G. Boo ; tr. Ma. La. Navarro de Luzuriaga. |
| 250 | _a8a ed. | ||
| 260 |
_aBuenos Aires : _bLosada, _c1968. |
||
| 300 | _a129 p. | ||
| 440 | 0 |
_aPublicaciones de la revista de pedagogía. _pLa escuela activa |
|
| 650 | 4 |
_aMétodo de educación de Decroly _912937 |
|
| 650 | 4 |
_aEducación primaria _91552 |
|
| 700 | 1 |
_aBoo, Gerardo, _ecoaut. |
|
| 905 | _aLibro | ||
| 999 |
_c31416 _d31416 |
||